000 01265nam a2200337 c 4500
003 BLK
005 20190513104335.0
008 180409b bul|||||r ||||||| ||bul||
010 _aKNG00100480000
020 _a954-585-308-5
_bиздат.: Бард
040 _aBLK
041 _aBUL
_cBUL
080 _aАмериканска литература (на САЩ)
_b821.111(73)
_x-312.4
_z821.111(73)-312.4
100 1 _aДемил, Нелсън
_eпърви автор
_959765
700 1 _aНиколова, Диана Василева
_eпрев. от англ.
_9365283
139 _aДемил, Нелсън
_bД 40
245 1 0 _aЗлатният бряг
_bРоман
_cНелсън Демил; прев. от англ. Диана Василева Николова.
257 _aUSA
260 София
_bБард
_c2002
_fХасково : Полиграфюг
300 _a672 с.
_c20 см
380 _aX
490 1 _aКралете на трилъра
_v114
500 _aОриг. загл. The Gold Coast / Nelson DeMille.
653 _aкрими
653 _aромани
852 _aЦб 210866
856 4 _qpdf
_u
856 4 _qpdf
_u
942 _cKNG
_n0
_09
944 _aCR
_c01.01.2002
_lф /
_kЛюдмила_Стоянова
944 _aED
_c01.08.2011
_lф /
_k
999 _c95619
_d95619